| 000 | 00559cam a2200145 4500500 | ||
|---|---|---|---|
| 005 | 20260208010122.0 | ||
| 041 | _afre | ||
| 042 | _adc | ||
| 100 | 1 | 0 |
_aRomestaing, Alain _eauthor |
| 245 | 0 | 0 | _aBêtes, bestialité et « Bestiasse ». Traversées d'espèces dans Bestiaire de Jean Giono |
| 260 | _c2013. | ||
| 500 | _a39 | ||
| 786 | 0 | _nRevue d'histoire littéraire de la France | 113 | 2 | 2013-05-28 | p. 357-369 | 0035-2411 | |
| 856 | 4 | 1 | _uhttps://shs.cairn.info/revue-d-histoire-litteraire-de-la-france-2013-2-page-357?lang=fr&redirect-ssocas=7080 |
| 999 |
_c1655199 _d1655199 |
||